Parlament schválil štvrťročné rozpočtové provizórium Rozpočtové provizórium

Rozpočtové provizórium do 31.3.1995 prijaté NR SR 22.12.1994. Rozdiel medzi návrhmi vlády expremiéra J. Moravčíka a premiéra V. Mečiara. Opatrenia na zabezpečenie hospodárenia SR v čase rozpočtového provizória v r.1995. Stanoviská S. Kozlíka a B. Schmögnerovej k riešeniu štátnej dlhovej služby, príj...

Descripción completa

Guardado en:
Detalles Bibliográficos
Autor principal: Žitňanský, Eduard
Otros Autores: Schmögnerová, Brigita, Kozlík, Sergej
Formato: Capítulo de libro
Lenguaje:eslovaco
Materias:
Etiquetas: Agregar Etiqueta
Sin Etiquetas, Sea el primero en etiquetar este registro!

MARC

LEADER 00000naa a2200000 4500
001 r024319
005 20221205103037.2
041 0 |a slo 
044 |a SK 
245 1 0 |a Parlament schválil štvrťročné rozpočtové provizórium  |b Rozpočtové provizórium  |c Eduard Žitňanský, Sergej Kozlík, Brigita Schmögnerová 
520 |a Rozpočtové provizórium do 31.3.1995 prijaté NR SR 22.12.1994. Rozdiel medzi návrhmi vlády expremiéra J. Moravčíka a premiéra V. Mečiara. Opatrenia na zabezpečenie hospodárenia SR v čase rozpočtového provizória v r.1995. Stanoviská S. Kozlíka a B. Schmögnerovej k riešeniu štátnej dlhovej služby, príjmov a výdavkov štátneho rozpočtu. 
610 2 0 |a rozpočet štátny 
610 2 0 |a Slovensko 
610 2 0 |a 1995 
610 2 0 |a január-marec 
610 2 0 |a legislatíva 
610 2 0 |a predpisy právne 
610 2 0 |a výdavky rozpočtu štátneho 
610 2 0 |a dlhy štátne 
610 2 0 |a FNM SR Bratislava 
610 2 0 |a zadlženosť vnútorná 
610 2 0 |a príjmy rozpočtu štátneho 
100 1 |a Žitňanský, Eduard 
700 1 |a Schmögnerová, Brigita 
700 1 |a Kozlík, Sergej